Dow Jones Index(DJI) Companies - Statistics

General Stats
  • This quiz has been taken 15 times
  • The average score is 22 of 30
Answer Stats
Hint Answer % Correct
AMZN Amazon
100%
AAPL Apple
100%
IBM IBM
100%
JPM JP Morgan Chase
100%
MCD McDonalds
100%
MSFT Microsoft
100%
NKE Nike
100%
CAT Caterpillar
92%
CSCO Cisco
92%
DIS Disney
92%
VZ Verizon
92%
WMT Walmart
92%
DOW Dow
83%
MMM 3M
75%
GS Goldman Sachs
75%
JNJ Johnson & Johnson
75%
V Visa
75%
HD Home Depot
67%
INTC Intel
67%
BA Boeing
58%
MRK Merck
58%
UNH United Health
58%
AMGN Amgen
50%
PG Procter & Gamble
50%
HON Honeywell
42%
TRV Travelers
42%
CVX Chevron
33%
KO Coca Cola
33%
AXP American Express
25%
CRM Salesforce
25%
No matching quizzes found
Score Distribution
Percent of People with Each Score
Percentile by Number Answered
Your Score History
You have not taken this quiz